| 000 | 00355nam a2200145Ia 4500 | ||
|---|---|---|---|
| 008 | 150201s2010 xx 000 0 und d | ||
| 082 |
_a621.382 _bHAY |
||
| 100 | _aHaykin,Simon | ||
| 245 | _aCommunication systems | ||
| 250 | _a5th Ed. | ||
| 260 |
_bWiley India Pvt. Ltd. _aN.Delhi _c2010 |
||
| 300 | _a422p. | ||
| 700 | _aMoher,Michael | ||
| 942 |
_2ddc _cBK |
||
| 999 |
_c5224 _d5224 |
||